000
00314nam a2200121Ia 4500
005
20251208133716.0
008
251208s9999 xx 000 0 und d
082
_a
332.6324
_b
MAM
100
_a
C. B. Mamoria
245
0
_a
Economic & Commercial Geography of India
260
_b
Shiva Lal Agarwala & Co
942
_c
REF
999
_c
601618
_d
601618